000 00494nam a2200145Ia 4500
008 220214s9999 xx 000 0 und d
245 0 _aRubber Journal
246 _a1.Rubber Journal and International Plastics 2. Rubber and Plastics Weekly 3. Rubber Journal 4. European Rubber Journal
247 _aIndia Rubber Journal
260 _bMaclaren and Sons Ltd., Croydon
_aUK
310 _aW
500 _aEnding Volume & Year: 133, 1958
500 _aStarting Volume & Year: 128, 1955
942 _cBJ
999 _c680
_d680